|
|
|
|
| LEADER |
00696naa a2200193 i 4500 |
| 001 |
misc29959 |
| 005 |
20200430142028.0 |
| 008 |
180413s1983 hu o 0|| lat d |
| 020 |
|
|
|a 963-481-236-8
|
| 040 |
|
|
|a SZTE Miscellanea Repozitórium
|b hun
|
| 041 |
|
|
|a lat
|
| 041 |
|
|
|a hun
|
| 100 |
1 |
|
|a Iványi Béla
|
| 245 |
1 |
0 |
|a Batthyány Boldizsár a könyvbarát
|h [elektronikus dokumentum] /
|c Iványi Béla
|
| 260 |
|
|
|c 1983
|
| 300 |
|
|
|a 389-435
|
| 490 |
0 |
|
|a Adattár XVI-XVIII. századi szellemi mozgalmaink történetéhez
|v 11
|
| 695 |
|
|
|a Művelődéstörténet - magyar - 16. sz. - forrás, Batthyány Boldizsár
|
| 856 |
4 |
0 |
|u http://misc.bibl.u-szeged.hu/29959/1/ad_011_389-435.pdf
|z Dokumentum-elérés
|